|
|
|
|
| LEADER |
01418nam a2200313 a 4500 |
| 001 |
15092704 |
| 008 |
101214s2009 njua 001 0 eng d |
| 010 |
|
|
|a 2007048425
|
| 020 |
|
|
|a 9780131354517
|
| 020 |
|
|
|a 0131354515
|
| 020 |
|
|
|a 9780136130888 (pbk.)
|
| 020 |
|
|
|a 0136130887 (pbk.)
|
| 040 |
|
|
|a DLC
|c DLC
|d DLC
|d BD-DhAAL
|
| 082 |
0 |
0 |
|a 005.13/3
|2 22
|
| 100 |
1 |
|
|a Savitch, Walter J.,
|d 1943-
|
| 245 |
1 |
0 |
|a Java :
|b an introduction to problem solving & programming /
|c Walter Savitch, Frank M. Carrano.
|
| 250 |
|
|
|a 5th ed.
|
| 260 |
|
|
|a Upper Saddle River, N.J. :
|b Pearson/Prentice Hall,
|c c2009.
|
| 300 |
|
|
|a 927 p. :
|b col. ill. ;
|c 24 cm.
|
| 500 |
|
|
|a Includes index.
|
| 541 |
1 |
|
|e 00021590
|
| 650 |
|
0 |
|a Java (Computer program language)
|
| 700 |
1 |
|
|a Carrano, Frank M.
|
| 852 |
4 |
|
|a Ayesha Abed Library
|c General Shelf.
|
| 942 |
0 |
0 |
|0 2
|
| 999 |
|
|
|c 10205
|d 10205
|
| 952 |
|
|
|0 0
|1 0
|2 ddc
|4 0
|6 005_133000000000000_SAV
|7 0
|9 13614
|a BRACUL
|b BRACUL
|c GEN
|d 2010-12-14
|e TRIM EDUCATION
|l 29
|m 194
|o 005.133 SAV
|p 3010021590
|r 2025-12-21
|s 2025-03-13
|t 1
|w 2010-12-14
|y BK
|
| 952 |
|
|
|0 0
|1 0
|2 ddc
|4 0
|6 005_133000000000000_SAV
|7 0
|9 13615
|a BRACUL
|b BRACUL
|c GEN
|d 2010-12-14
|e TRIM EDUCATION
|l 23
|m 191
|o 005.133 SAV
|p 3010021591
|r 2025-08-19
|s 2024-12-02
|t 2
|w 2010-12-14
|y BK
|
| 952 |
|
|
|0 0
|1 0
|2 ddc
|4 0
|6 005_133000000000000_SAV
|7 0
|9 13616
|a BRACUL
|b BRACUL
|c GEN
|d 2010-12-14
|l 19
|m 149
|o 005.133 SAV
|p 3010021592
|r 2024-12-22
|s 2024-05-30
|t 3
|w 2010-12-14
|y BK
|